00569nam a22001817a 4500003000400000005001700004008004100021020001800062082001600080100003100096245010000127300001700227653003000244653002900274653002400303700002900327700003100356OSt20260410125355.0260410b |||||||| |||| 00| 0 eng d a9789391385699 a571.8bS38D aSrivastava, NidhieEditor  aDynamics of biological systems in changing environmentscEdited by Nidhi Srivastava and others  ax, 257p.bHB aModeling temporal changes aEnvironmental adaptation aSystemic robustness aKaushal, SurbhieEditor  aMahajan, PriyankaeEditor